Every Minecraft Advancement - Statistics

General Stats
  • This quiz has been taken 1,635 times
    443 since last reset
  • The average score is 60 of 119
Answer Stats
Category Advancement % Correct
Minecraft {Stone} Age
97%
Minecraft Getting an {Upgrade}
94%
Minecraft The {End}?
94%
Minecraft We Need to Go {Deeper}
93%
Minecraft {Hot} Stuff
92%
Minecraft Not {Today}, Thank You
92%
Husbandry Wax {On}
91%
Minecraft Acquire {Hardware}
90%
Minecraft {Cover} {Me} With Diamonds
88%
Minecraft {Eye} Spy
88%
The End {Sky}'s the Limit
88%
Nether Who is Cutting {Onions}?
87%
Nether How Did We {Get} {Here}?
86%
Nether Spooky Scary {Skeleton}
86%
Husbandry You've Got a {Friend} in Me
85%
Minecraft Isn't It {Iron} {Pick}
82%
The End Great View From {Up} {Here}
81%
Nether Return to {Sender}
81%
Minecraft {Suit} Up
81%
Nether Those Were the {Days}
81%
Husbandry Best {Friends} Forever
79%
Adventure Hero of the {Village}
79%
Nether A Terrible {Fortress}
78%
Adventure Caves & {Cliff}s
77%
Nether Cover Me in {Debris}
77%
Minecraft {Zombie} Doctor
76%
Adventure {Monster} Hunter
74%
Minecraft {Ice} {Bucket} Challenge
73%
Nether {War} Pigs
73%
Husbandry Wax {Off}
71%
Nether Into {Fire}
70%
Nether Not Quite "Nine" {Lives}
70%
Minecraft {Diamonds}!
69%
Nether Hidden in the {Depths}
68%
Adventure Is It a {Bird}?
68%
The End The End... {Again}...
68%
The End The {City} at the End of the Game
64%
The End The Next {Generation}
64%
Adventure Is It a {Plane}?
63%
Husbandry {Bee} Our Guest
62%
Nether Bring Home the {Beacon}
62%
Nether {Hot} {Tourist} Destinations
62%
Adventure Ol' {Betsy}
62%
Nether This {Boat} Has Legs
62%
Nether Uneasy {Alliance}
61%
Adventure Voluntary {Exile}
61%
The End {Free} the End
60%
Adventure {Sticky} Situation
60%
Adventure Two Birds, One {Arrow}
60%
Nether A Furious {Cocktail}
59%
Nether Local {Brewery}
59%
Husbandry Whatever {Floats} Your Goat!
59%
Nether Feels like {home}
58%
Nether Oh {Shiny}
54%
Nether {Subspace} Bubble
54%
Husbandry Good as {New}
53%
The End Remote {Getaway}
53%
Adventure {Sniper} Duel
51%
Nether {Withering} Heights
51%
Adventure {Sneak} 100
50%
Adventure {Post}mortal
49%
The End You Need a {Mint}
49%
Adventure {Star} Trader
46%
Adventure A {Throwaway} Joke
45%
Adventure Crafters {Crafting} Crafters
45%
Adventure Who's the {Pillager} Now?
45%
Adventure {Over}-Overkill
44%
Husbandry With Our {Powers} Combined!
44%
Adventure What a {Deal}!
43%
Husbandry A {Balanced} Diet
41%
Nether {Beaconat}or
41%
Adventure Is it a {Balloon}?
41%
Husbandry Tactical {Fishing}
41%
Nether {Country} {Lode}, Take Me Home
40%
Adventure Crafting a New {Look}
40%
Adventure {Monsters} Hunted
40%
Husbandry The Healing Power of {Friendship}!
40%
Husbandry Serious {Dedication}
38%
Husbandry The {Parrots} and the {Bats}
38%
Minecraft {Enchant}er
36%
Adventure Take {Aim}
36%
Adventure {Hired} Help
35%
Adventure Light as a {Rabbit}
35%
Adventure Sweet {Dreams}
34%
Adventure Minecraft: {Trial(s)} Edition
33%
Husbandry A {Seedy} Place
32%
Husbandry {Fishy} Business
32%
Husbandry {Glow} and Behold!
32%
Husbandry The {Cutest} Predator
32%
Adventure {Surge} Protector
31%
Husbandry {Two} by {Two}
28%
Adventure {Bulls}eye
27%
Adventure {Heart} Transplanter
27%
Husbandry Total {Beelocation}
25%
Adventure Sound of {Music}
24%
Adventure Who Needs {Rockets}?
24%
Husbandry A Complete {Catalogue}
23%
Adventure Very Very {Frightening}
23%
Adventure {Adventuring} Time
22%
Adventure {Smithing} With Style
21%
Husbandry When the {Squad} Hops into Town
21%
Adventure It {Spread}s
17%
Adventure Respecting the {Remnants}
17%
Husbandry Planting the {Past}
16%
Husbandry The Whole {Pack}
16%
Adventure {Arbalist}ic
15%
Husbandry {Birthday} Song
15%
Husbandry Stay {Hydrated}!
15%
Adventure {Blow}back
14%
Husbandry Smells {Interesting}
14%
Adventure Under {Lock} and {Key}
14%
Adventure The Power of {Books}
13%
Adventure Careful {Restoration}
12%
Husbandry {Shear} Brilliance
10%
Adventure {Revault}ing
8%
Husbandry {Bukkit} {Bukkit}
7%
Husbandry Little {Sniffs}
7%
Adventure Isn't It {Scute}?
6%
Adventure {Lighten} Up
3%
No matching quizzes found
Score Distribution
Percent of People with Each Score
Percentile by Number Answered
Your Score History
You have not taken this quiz since the last reset